000 00467nam a2200181Ia 4500
001 24203
005 20260414151028.0
008 260414t2008||||xx |||||||||||||| ||spa||
041 _aESP
082 _a792.07
_bE345
100 _aEines, Jorge
_eAUT
245 0 _aDidáctica de la dramatización :
_bel niño sabe lo que su cuerpo puede cre
260 _c2008
300 _a181 páginas :
_c22 cm.
650 _aABD
654 _aCAU
942 _cLIB
_dJUS
_fJUS
_2ddc
_n
999 _c24203
_d24203